000 00983nabaa22002057a 4500
999 _c6127
_d6127
003 OSt
005 20260122215413.0
008 190701b xxu||||| |||| 00| 0 spa d
040 _cPJ
100 _95411
_aMuratorio, Jorge I.
245 1 3 _aEl interés público en la garantía de la ecuación contractual pública /
_cJorge I. Muratorio.
300 _ap. 20-41
505 _aSumario: I. Introducción.— II. ¿Qué matices o novedades se han planteado, en las últimas dos décadas aproximadamente, sobre estos conceptos?— III. ¿Cuáles son las posturas que existen sobre el tema?—IV. Conclusiones y dudas.
505 _t¿Te interesa el texto completo? Comunicate al correo: koha@justierradelfuego.gov.ar
650 0 _9211
_aDERECHO ADMINISTRATIVO
650 0 _9877
_aADMINISTRACION PUBLICA
650 0 _93463
_aCONTRATOS
773 0 _02842
_93251
_dBuenos Aires : AbeledoPerrot, 2012-
_oDA121
_tDerecho administrativo. Nº 148 julio/agosto 2023
_z18510590
942 _2udc
_cANA